[Event "Open Qualificatif Salon"]
[Site "?"]
[Date "2005.11.05"]
[Round "1"]
[White "Alard, Francis"]
[Black "Frailinu, Jean-Bernard"]
[Result "0-1"]
[WhiteElo "1720"]
[BlackElo "1550"]
[PlyCount "108"]
[EventDate "2005.12.04"]
[SourceDate "2005.12.04"]

1. e4 e6 2. d4 d5 3. Nd2 Nf6 4. e5 Nfd7 5. Bd3 c5 6. c3 Nc6 7. Ne2 Qb6 8. Nf3
Be7 9. O-O f6 10. dxc5 Bxc5 11. b4 Be7 12. Be3 Qc7 13. exf6 Bxf6 14. Nfd4 Nde5
15. Bf4 Qe7 16. Bc2 a6 17. Re1 O-O 18. Bg3 Nc4 19. Qd3 g6 20. Nxc6 bxc6 21. f4
Bg7 22. Bf2 Rf7 23. Bc5 Qc7 24. g3 Nd6 25. Bd4 Nf5 26. Bxg7 Nxg7 27. Nd4 c5 28.
bxc5 Qxc5 29. Re5 Bd7 30. Qd2 Rc8 31. Bb3 Qxc3 32. Qxc3 Rxc3 33. Bd1 Re7 34.
Bb3 Kf7 35. Rae1 Re8 36. R1e2 a5 37. Rc2 Rxc2 38. Bxc2 Rc8 39. Re2 Rc4 40. Rd2
Nf5 41. Nxf5 gxf5 42. Kf2 Ba4 43. Bd3 Rc3 44. Ke3 Bb5 45. Kd4 Rxd3+ 46. Rxd3
Bxd3 47. Kxd3 Ke7 48. Kd4 Kd6 49. a4 h6 50. h3 h5 51. h4 Kd7 52. Ke5 Ke7 53.
Kd4 Kd6 54. Kc3 Kc5 0-1

[Event "Open Qualificatif Salon"]
[Site "?"]
[Date "2005.11.05"]
[Round "1"]
[White "Dufresne, Said"]
[Black "Jullien, Patrick"]
[Result "0-1"]
[WhiteElo "1520"]
[BlackElo "1710"]
[PlyCount "84"]
[EventDate "2005.12.04"]
[SourceDate "2005.12.04"]

1. e4 c5 2. b3 Nc6 3. Bb2 d6 4. Bb5 Bd7 5. Nf3 Nf6 6. Qe2 e5 7. O-O Be7 8. c3
Qb6 9. a4 O-O 10. Bc4 Na5 11. d4 Nxc4 12. Qxc4 exd4 13. cxd4 Nxe4 14. Re1 Bf5
15. Nbd2 Nxd2 16. Nxd2 Bf6 17. Nf3 Rac8 18. Qd5 Be6 19. Rxe6 fxe6 20. Qxe6+ Kh8
21. dxc5 dxc5 22. Qe2 Bxb2 23. Qxb2 c4 24. b4 Qf6 25. Qa2 c3 26. Rc1 Qf4 27.
Qc2 Rfe8 28. h4 Re2 29. Qxe2 Qxc1+ 30. Kh2 Qf4+ 31. g3 Qxf3 32. Qxf3 c2 33. h5
c1=Q 34. Qxb7 Qc7 35. Qa6 Rf8 36. Qe2 Qf7 37. Kg2 Re8 38. Qb5 Qe7 39. Kf1 Rc8
40. Kg2 Qe4+ 41. Kh2 h6 42. Qd7 Rc1 0-1

[Event "Open Qualificatif Salon"]
[Site "?"]
[Date "2005.11.05"]
[Round "1"]
[White "Rittling, Rosi"]
[Black "Nari, Damien"]
[Result "0-1"]
[WhiteElo "1499"]
[BlackElo "1642"]
[PlyCount "72"]
[EventDate "2005.12.04"]
[SourceDate "2005.12.04"]

1. e4 e5 2. Nf3 Nc6 3. d4 exd4 4. Nxd4 Bc5 5. c3 Nf6 6. Qd3 O-O 7. Bf4 Re8 8.
Be2 Rxe4 9. Bg5 Re8 10. O-O Nxd4 11. cxd4 Bxd4 12. Qc4 Bxb2 13. Nd2 Bxa1 14.
Rxa1 d5 15. Qh4 Rxe2 16. Nf1 h6 17. Bf4 Bf5 18. Ng3 Qe8 19. Nxe2 Qxe2 20. Bxc7
Rc8 21. Rc1 Rxc7 22. Qf4 Rxc1+ 23. Qxc1 Bd3 24. h3 Qf1+ 25. Qxf1 Bxf1 26. Kxf1
Kf8 27. g4 Ke7 28. Ke2 Kd6 29. h4 g5 30. h5 Nxg4 31. f3 Nf6 32. Ke3 Nxh5 33.
Kd4 Nf4 34. a4 h5 35. a5 h4 36. a6 bxa6 0-1

[Event "Open Qualificatif Salon"]
[Site "?"]
[Date "2005.11.05"]
[Round "1"]
[White "Porte, Jacques"]
[Black "Guyard, Gerard"]
[Result "1-0"]
[WhiteElo "1620"]
[BlackElo "1490"]
[PlyCount "71"]
[EventDate "2005.12.04"]
[SourceDate "2005.12.04"]

1. e4 Nf6 2. Nf3 Nxe4 3. d4 d5 4. Bd3 Bg4 5. Be3 g6 6. Nbd2 Nf6 7. h3 Bxf3 8.
Nxf3 Bg7 9. Qd2 h6 10. Ne5 Ng8 11. f4 f5 12. Nxg6 e6 13. Nxh8 Bxh8 14. O-O-O
Nc6 15. c3 Qe7 16. Bf2 O-O-O 17. Rhe1 Qd6 18. Qe2 Qxf4+ 19. Kb1 Re8 20. g3 Qg5
21. Qc2 e5 22. Bxf5+ Kb8 23. Bd7 Re7 24. Bxc6 bxc6 25. h4 Qf6 26. dxe5 Qe6 27.
Bd4 Re8 28. a3 Kc8 29. Bxa7 Kd7 30. Bd4 Bg7 31. Rf1 Rb8 32. Qf2 Ke7 33. Qf5
Qxf5+ 34. Rxf5 Ke6 35. Rdf1 Bf8 36. Rxf8 1-0

[Event "Open Qualificatif Salon"]
[Site "?"]
[Date "2005.11.05"]
[Round "1"]
[White "Charrier, Patrick"]
[Black "Santana, Paul"]
[Result "1-0"]
[WhiteElo "1380"]
[BlackElo "1190"]
[PlyCount "137"]
[EventDate "2005.12.04"]
[SourceDate "2005.12.04"]

1. d4 d5 2. c4 Nf6 3. Nc3 e6 4. Bg5 Be7 5. Nf3 Bd6 6. cxd5 h6 7. Bxf6 Qxf6 8.
dxe6 Bxe6 9. a3 a6 10. Ne4 Qe7 11. Nxd6+ Qxd6 12. e3 O-O 13. Be2 Nd7 14. O-O
Bd5 15. Nd2 Qc6 16. Rc1 Qb6 17. Rc2 Rac8 18. Bc4 Bxc4 19. Nxc4 Qb3 20. Qc1 Qa4
21. Nd2 Qa5 22. Ne4 Qd5 23. Rxc7 Nb6 24. Rxc8 Rxc8 25. Nc5 Qc4 26. Qxc4 Nxc4
27. Nxb7 Rb8 28. Nc5 Rxb2 29. Nxa6 Nd2 30. Rd1 Ra2 31. Nc5 Rxa3 32. h3 Nb3 33.
Ne4 Na5 34. Rc1 Nb7 35. Kf1 Ra8 36. Ke2 f5 37. Nd2 Re8 38. f3 f4 39. e4 Nd6 40.
Kd3 g5 41. e5 Nb5 42. Ke4 Nd6+ 43. Kd5 Nb7 44. Rc6 Rd8+ 45. Ke4 h5 46. Rg6+ Kf7
47. Rxg5 Nc5+ 48. Kxf4 Ne6+ 49. Kf5 Nxg5 50. Kxg5 Rxd4 51. Ne4 Rd5 52. f4 Rd1
53. Kxh5 Rg1 54. g4 Rh1 55. h4 Ra1 56. Kg5 Ra8 57. h5 Ke6 58. h6 Rg8+ 59. Kh5
Rf8 60. h7 Kd5 61. Nf6+ Kd4 62. g5 Ke3 63. Kg4 Rh8 64. g6 Ra8 65. g7 Ra1 66.
h8=Q Rg1+ 67. Kf5 Rf1 68. Qh3+ Kd4 69. Qxf1 1-0

[Event "Open Qualificatif Salon"]
[Site "?"]
[Date "2005.11.05"]
[Round "1"]
[White "Lemoine, Edwin"]
[Black "Person, Claude"]
[Result "0-1"]
[WhiteElo "1099"]
[BlackElo "1340"]
[PlyCount "44"]
[EventDate "2005.12.04"]
[SourceDate "2005.12.04"]

1. e4 e5 2. Nf3 Nc6 3. Nc3 Nf6 4. Bb5 Nd4 5. Nxd4 exd4 6. Na4 c6 7. Be2 Qa5 8.
b3 b5 9. Nb2 Nxe4 10. O-O Bb4 11. d3 Nc3 12. Qd2 O-O 13. a3 Bd6 14. h3 Re8 15.
Bf3 Qc7 16. a4 b4 17. Bg4 Bb7 18. Re1 c5 19. Rxe8+ Rxe8 20. f3 Re2 21. Qg5 Bg3
22. Nc4 Re1# 0-1

[Event "Open Qualificatif Salon"]
[Site "?"]
[Date "2005.11.05"]
[Round "1"]
[White "Barabe, Etienne"]
[Black "Marcou, Thomas"]
[Result "1-0"]
[WhiteElo "1199"]
[BlackElo "1099"]
[PlyCount "61"]
[EventDate "2005.12.04"]
[SourceDate "2005.12.04"]

1. d4 d5 2. c4 e6 3. Nf3 Bb4+ 4. Bd2 Qe7 5. cxd5 exd5 6. Nc3 Nf6 7. e3 Ne4 8.
Nxd5 Bxd2+ 9. Nxd2 Qd7 10. Nxe4 Qxd5 11. Nc3 Qd8 12. Bc4 O-O 13. O-O Bf5 14.
Qb3 Be6 15. Bxe6 fxe6 16. Qxe6+ Rf7 17. Rac1 Qf6 18. Qxf6 Rxf6 19. Nd5 Nd7 20.
Nxf6+ Nxf6 21. Rxc7 Rf8 22. Rxb7 Ne4 23. Rxa7 Nd2 24. Rd1 Ne4 25. b4 Nxf2 26.
Rf1 Nh3+ 27. gxh3 Re8 28. Rc1 h6 29. Re1 Rb8 30. a3 Kh7 31. d5 1-0

[Event "Open Qualificatif Salon"]
[Site "?"]
[Date "2005.11.05"]
[Round "1"]
[White "Santana, Eric"]
[Black "Brunie, Luce"]
[Result "1-0"]
[WhiteElo "1010"]
[BlackElo "1390"]
[PlyCount "35"]
[EventDate "2005.12.04"]
[SourceDate "2005.12.04"]

1. e4 e6 2. a3 d5 3. exd5 exd5 4. d4 Nf6 5. h3 Bd6 6. Nf3 Bf5 7. Be2 O-O 8. O-O
c6 9. Bd3 Bxd3 10. Qxd3 Nbd7 11. Bg5 Qc7 12. Nbd2 Rae8 13. Rab1 a5 14. c3 Qb6
15. Qc2 Nh5 16. Bh4 Nf4 17. Bg3 Nh5 18. Bxd6 1-0

[Event "Open Qualificatif Salon"]
[Site "?"]
[Date "2006.01.07"]
[Round "2"]
[White "Guyard, Gerard"]
[Black "Alard, Francis"]
[Result "1-0"]
[WhiteElo "1490"]
[BlackElo "1720"]
[PlyCount "35"]
[EventDate "2006.01.20"]
[SourceDate "2005.12.04"]

1. d4 d5 2. e4 dxe4 3. Nc3 Nf6 4. f3 exf3 5. Nxf3 Bg4 6. h3 Bxf3 7. Qxf3 c6 8.
Be3 e6 9. O-O-O Nd5 10. Bd2 Qf6 11. Qe4 Bd6 12. Bd3 Bf4 13. Nxd5 Bxd2+ 14. Rxd2
cxd5 15. Qe3 Nc6 16. Rf1 Qxd4 17. Qf3 O-O 18. Bxh7+ 1-0

[Event "Open Qualificatif Salon"]
[Site "?"]
[Date "2006.01.07"]
[Round "2"]
[White "Nari, Damien"]
[Black "Regaud, Denis"]
[Result "1-0"]
[WhiteElo "1642"]
[BlackElo "1680"]
[PlyCount "73"]
[EventDate "2006.01.20"]
[SourceDate "2005.12.04"]

1. e4 c5 2. Nf3 e6 3. d4 cxd4 4. Nxd4 a6 5. Be3 Nf6 6. f3 Qc7 7. Qd2 Nc6 8. Nc3
Be7 9. O-O-O d6 10. g4 Ne5 11. h4 b5 12. h5 Nfd7 13. Be2 Bb7 14. b3 Rc8 15. Kb2
Qa5 16. a3 b4 17. axb4 Qxb4 18. Ra1 Nc5 19. Na4 Nxa4+ 20. Rxa4 Qxd2 21. Bxd2
Nc6 22. Nxc6 Rxc6 23. Rha1 Rc7 24. Bxa6 Bxa6 25. Rxa6 O-O 26. Bb4 Rd7 27. Rd1
Rfd8 28. c4 Kf8 29. e5 d5 30. Bxe7+ Kxe7 31. c5 Rc7 32. b4 Rb8 33. Ka3 Rcb7 34.
Rd4 h6 35. Ka4 Rc7 36. c6 Kd8 37. b5 1-0

[Event "Open Qualificatif Salon"]
[Site "?"]
[Date "2006.01.07"]
[Round "2"]
[White "Brunie, Luce"]
[Black "Lemoine, Edwin"]
[Result "1-0"]
[WhiteElo "1390"]
[BlackElo "1099"]
[PlyCount "51"]
[EventDate "2006.01.20"]
[SourceDate "2005.12.04"]

1. e4 e5 2. f4 Nc6 3. Nf3 Nf6 4. Nc3 Bb4 5. Bc4 Bxc3 6. bxc3 Nxe4 7. Bb2 d6 8.
Qe2 f5 9. d3 Nf6 10. fxe5 Nh5 11. O-O f4 12. exd6+ Ne7 13. dxe7 Qxe7 14. Ne5
Be6 15. Qxh5+ Kf8 16. Rxf4+ Kg8 17. Bxe6+ Qxe6 18. Nf7 Rf8 19. Nh6+ gxh6 20.
Rxf8+ Kxf8 21. Rf1+ Kg8 22. c4 b6 23. Bxh8 Kxh8 24. d4 Qg8 25. Qe5+ Qg7 26.
Rf8# 1-0

[Event "Open Qualificatif Salon"]
[Site "?"]
[Date "2006.01.07"]
[Round "2"]
[White "Briquet, Xavier"]
[Black "Barabe, Etienne"]
[Result "1-0"]
[WhiteElo "1490"]
[BlackElo "1199"]
[PlyCount "61"]
[EventDate "2006.01.20"]
[SourceDate "2005.12.04"]

1. e4 g6 2. d4 Bg7 3. Nf3 b6 4. Bc4 e6 5. Nc3 Bb7 6. Bg5 Ne7 7. O-O O-O 8. Qd2
f6 9. Bh4 d5 10. Bd3 dxe4 11. Nxe4 Nf5 12. c3 Ba6 13. Rad1 Bxd3 14. Qxd3 Nc6
15. Rfe1 Qd5 16. c4 Qd7 17. Qc3 Nxh4 18. Nxh4 f5 19. Ng5 Rae8 20. Nhf3 h6 21.
Nh3 Rd8 22. Qe3 Rfe8 23. Nf4 Kf7 24. h3 e5 25. dxe5 Qxd1 26. e6+ Kf6 27. Rxd1
Rxd1+ 28. Kh2 Ke7 29. Nxg6+ Kf6 30. Nf4 Nd8 31. Qc3+ 1-0

[Event "Open Qualificatif Salon"]
[Site "?"]
[Date "2006.01.07"]
[Round "2"]
[White "Jullien, Patrick"]
[Black "Porte, Jacques"]
[Result "1-0"]
[WhiteElo "1710"]
[BlackElo "1620"]
[PlyCount "83"]
[EventDate "2006.01.20"]
[SourceDate "2005.12.04"]

1. e4 e6 2. d4 d5 3. Nc3 Bb4 4. e5 c5 5. a3 Bxc3+ 6. bxc3 Nc6 7. Nf3 Qc7 8. Bd3
Nge7 9. O-O Bd7 10. Re1 O-O 11. Bg5 Nf5 12. g4 c4 13. Bf1 Nfe7 14. Qd2 Kh8 15.
h4 Ng8 16. Bg2 Rae8 17. h5 Bc8 18. h6 f6 19. exf6 gxf6 20. Bh4 Qf7 21. g5 Nce7
22. Bg3 Nf5 23. Ne5 Qh5 24. Bf3 Qxg5 25. Qxg5 fxg5 26. Bh5 Re7 27. Nf3 Nxg3 28.
fxg3 Nxh6 29. Nxg5 Rg8 30. Re5 Reg7 31. Nxe6 Rxg3+ 32. Kf2 Rh3 33. Ng5 Rf8+ 34.
Kg2 Rxc3 35. Rxd5 Rxc2+ 36. Kg1 Kg7 37. Re1 Nf5 38. Ne6+ Bxe6 39. Rxe6 Rc1+ 40.
Kh2 Rc2+ 41. Kh3 Rc3+ 42. Kh2 1-0

[Event "Open Qualificatif Salon"]
[Site "?"]
[Date "2006.01.07"]
[Round "2"]
[White "Scharff, Georges"]
[Black "Charrier, Patrick"]
[Result "0-1"]
[WhiteElo "1700"]
[BlackElo "1380"]
[PlyCount "74"]
[EventDate "2006.01.20"]
[SourceDate "2005.12.04"]

1. Nf3 d5 2. b4 e6 3. Bb2 Nf6 4. a3 c5 5. bxc5 Bxc5 6. c4 O-O 7. e3 Nbd7 8. d4
Be7 9. Nbd2 b6 10. Bd3 a6 11. O-O dxc4 12. Nxc4 b5 13. Nce5 Bb7 14. Rc1 Nxe5
15. Nxe5 Nd7 16. Qh5 g6 17. Qh3 Nxe5 18. dxe5 Qxd3 19. Rfd1 Qb3 20. Bd4 Rfd8
21. Qg4 Rac8 22. Rb1 Qa4 23. h4 Bc5 24. h5 Bxd4 25. hxg6 Bxe5 26. gxf7+ Kxf7
27. Qh5+ Ke7 28. Qxh7+ Kf8 29. Rxd8+ Rxd8 30. f4 Bg7 31. Rf1 Rd1 32. Rxd1 Qxd1+
33. Kh2 Qg4 34. Qc2 Qxg2+ 35. Qxg2 Bxg2 36. Kxg2 Bb2 37. a4 bxa4 0-1

[Event "Open Qualificatif Salon"]
[Site "?"]
[Date "2006.01.28"]
[Round "3"]
[White "Frailinu, Jean-Bernard"]
[Black "Jullien, Patrick"]
[Result "0-1"]
[WhiteElo "1550"]
[BlackElo "1710"]
[PlyCount "70"]
[EventDate "2006.01.20"]
[SourceDate "2005.12.04"]

1. c4 f5 2. Nc3 Nf6 3. d4 e6 4. g3 Be7 5. Bg2 c6 6. Nf3 O-O 7. O-O d5 8. cxd5
exd5 9. a3 Nbd7 10. Bf4 Ne4 11. Ne5 Nxe5 12. Bxe5 Bd6 13. Rc1 Bxe5 14. dxe5 Qe7
15. f4 Qc5+ 16. Kh1 Nf2+ 17. Rxf2 Qxf2 18. Na4 a6 19. Nc5 d4 20. Nd3 Qe3 21.
Qc2 h5 22. Rf1 Be6 23. Nc5 Bd5 24. Bxd5+ cxd5 25. Rf3 d3 26. Nxd3 Qe4 27. Qd2
Rac8 28. Nb4 Rc5 29. Kg1 Rfc8 30. Rc3 Rxc3 31. bxc3 Rc5 32. Nc2 Rb5 33. Ne3 Kf7
34. c4 Rb1+ 35. Kf2 d4 0-1

[Event "Open Qualificatif Salon"]
[Site "?"]
[Date "2006.01.28"]
[Round "3"]
[White "Marcou, Thomas"]
[Black "Briquet, Xavier"]
[Result "0-1"]
[WhiteElo "1099"]
[BlackElo "1490"]
[PlyCount "52"]
[EventDate "2006.01.20"]
[SourceDate "2005.12.04"]

1. e4 d5 2. exd5 Qxd5 3. Nc3 Qa5 4. Bc4 Nf6 5. Nf3 Bg4 6. h3 Bh5 7. d3 c6 8.
Bd2 Qc7 9. O-O e6 10. Re1 Nd5 11. a3 Bd6 12. g3 Bxg3 13. Ne4 Bf4 14. Bxf4 Nxf4
15. Ng3 Nxh3+ 16. Kg2 Nf4+ 17. Kh2 Bg4 18. Qc1 Bxf3 19. Nf5 Nxd3+ 20. Kg1 Nxc1
21. Raxc1 O-O 22. Nh4 Bd5 23. Bxd5 exd5 24. Kh1 Qf4 25. Re7 Qxh4+ 26. Kg1 Qxe7
0-1

[Event "Open Qualificatif Salon"]
[Site "?"]
[Date "2006.01.28"]
[Round "3"]
[White "Person, Claude"]
[Black "Dufresne, Said"]
[Result "0-1"]
[WhiteElo "1340"]
[BlackElo "1520"]
[PlyCount "126"]
[EventDate "2006.01.20"]
[SourceDate "2005.12.04"]

1. e4 e6 2. Bc4 d5 3. exd5 exd5 4. Qe2+ Be6 5. Bb3 c6 6. Nf3 Ne7 7. O-O Bg4 8.
d3 Nd7 9. Bf4 h6 10. h3 Be6 11. Nbd2 Ng6 12. Bh2 Nc5 13. d4 Nxb3 14. Nxb3 b6
15. c3 Bd6 16. Ne5 Nxe5 17. dxe5 Be7 18. Nd4 Qd7 19. f4 c5 20. Nxe6 fxe6 21.
Qh5+ Kd8 22. Qf7 g5 23. f5 exf5 24. e6 Qe8 25. Qxf5 Qc6 26. Rad1 d4 27. cxd4
cxd4 28. Rxd4+ Kc8 29. Rd2 Bc5+ 30. Kh1 Rf8 31. Qb1 Rxf1+ 32. Qxf1 Qxe6 33. Re2
Qg8 34. Qf5+ Kb7 35. Qd7+ Ka6 36. Qa4+ Kb7 37. b4 Qc4 38. Qd7+ Ka6 39. Qe6 Qxe6
40. Rxe6 Bxb4 41. Rxh6 Rc8 42. Bg3 Rc3 43. Kh2 Ra3 44. Rg6 Bd2 45. Rg7 Bf4 46.
Bxf4 gxf4 47. h4 Rxa2 48. Kh3 Ra3+ 49. Kg4 Rg3+ 50. Kxf4 Rxg7 51. g4 b5 52. h5
Rf7+ 53. Kg5 Rg7+ 54. Kh4 b4 55. h6 Rg8 56. Kh5 b3 57. h7 Re8 58. g5 b2 59. Kh6
b1=Q 60. g6 Qc1+ 61. Kg7 Qc7+ 62. Kh6 Qf4+ 63. Kg7 Qf8# 0-1

[Event "Open Qualificatif Salon"]
[Site "?"]
[Date "2006.01.28"]
[Round "3"]
[White "Alard, Francis"]
[Black "Dufresne, Ali"]
[Result "1-0"]
[WhiteElo "1720"]
[BlackElo "1160"]
[PlyCount "55"]
[EventDate "2006.01.20"]
[SourceDate "2005.12.04"]

1. e4 e5 2. Nf3 d6 3. d4 Nd7 4. Nc3 Ne7 5. Bc4 Nb6 6. Bb3 g6 7. dxe5 dxe5 8.
Qxd8+ Kxd8 9. Nxe5 Rg8 10. Nxf7+ Ke8 11. Nd6+ cxd6 12. Bxg8 Nxg8 13. Be3 Nd7
14. Nd5 Kf7 15. Nc7 a6 16. Nxa8 b5 17. Nc7 Bb7 18. Nd5 Bg7 19. O-O-O Bf8 20. f3
a5 21. Nc7 b4 22. c3 bxc3 23. bxc3 Bc6 24. Kd2 Ngf6 25. c4 Ne5 26. Kc3 Nfd7 27.
Nb5 Ke6 28. Nd4+ 1-0

[Event "Open Qualificatif Salon"]
[Site "?"]
[Date "2006.01.28"]
[Round "3"]
[White "Lemoine, Edwin"]
[Black "Rittling, Rosi"]
[Result "0-1"]
[WhiteElo "1099"]
[BlackElo "1499"]
[PlyCount "62"]
[EventDate "2006.01.20"]
[SourceDate "2005.12.04"]

1. e4 g6 2. Nc3 Bg7 3. Bb5 c6 4. Bd3 Nf6 5. Nf3 d5 6. O-O dxe4 7. Bxe4 Nxe4 8.
Nxe4 Nd7 9. Rb1 Nf6 10. Ng3 Bg4 11. b3 O-O 12. h3 Bf5 13. Nxf5 gxf5 14. c4 Qd3
15. Rb2 Rad8 16. Qc2 Qd6 17. b4 Ne4 18. Rb3 Qg6 19. Nh4 Qg5 20. g3 f4 21. d3
Nxg3 22. fxg3 Qxg3+ 23. Qg2 Bd4+ 24. Rf2 Bxf2+ 25. Kh1 Kh8 26. Qxg3 fxg3 27.
Bg5 Rg8 28. Bxe7 Rd4 29. Rc3 Rxh4 30. Bxh4 g2+ 31. Kh2 g1=Q# 0-1

[Event "Open Qualificatif Salon"]
[Site "?"]
[Date "2006.01.28"]
[Round "3"]
[White "Regaud, Denis"]
[Black "Brunie, Luce"]
[Result "1-0"]
[WhiteElo "1680"]
[BlackElo "1390"]
[PlyCount "73"]
[EventDate "2006.01.20"]
[SourceDate "2005.12.04"]

1. d4 e6 2. c4 d5 3. Nc3 Bb4 4. Nf3 Nf6 5. Qa4+ Nc6 6. Ne5 Bxc3+ 7. bxc3 Bd7 8.
Nxd7 Qxd7 9. Ba3 Ne4 10. Qc2 Nd6 11. cxd5 exd5 12. e3 Nc4 13. Bxc4 dxc4 14. O-O
Ne7 15. Qe4 O-O 16. Qxe7 Qa4 17. Qb4 Qc6 18. Rab1 Rab8 19. Qb5 Qxb5 20. Rxb5
Rfe8 21. Rc5 b5 22. Rxc7 a6 23. Bc5 Ra8 24. Rb1 g6 25. g3 Kg7 26. a4 Kf6 27.
axb5 axb5 28. Rxb5 h5 29. Rbb7 Kf5 30. Rxf7+ Ke4 31. Kg2 Kd3 32. Bb4 Ra6 33. h4
Rg8 34. Rh7 Re8 35. d5 Ra2 36. d6 Rxe3 37. d7 1-0

[Event "Open Qualificatif Salon"]
[Site "?"]
[Date "2006.01.28"]
[Round "3"]
[White "Guyard, Gerard"]
[Black "Barabe, Etienne"]
[Result "1/2-1/2"]
[WhiteElo "1490"]
[BlackElo "1199"]
[PlyCount "70"]
[EventDate "2006.01.20"]
[SourceDate "2005.12.04"]

1. d4 e5 2. dxe5 Nc6 3. Nf3 Qe7 4. Bf4 Qb4+ 5. Nbd2 Qxf4 6. e3 Qg4 7. Bc4 Bb4
8. c3 Bc5 9. Qb3 Qh5 10. g4 Qg6 11. Nh4 Na5 12. Nxg6 Nxb3 13. Nxb3 hxg6 14.
Nxc5 b6 15. Nd3 Bb7 16. Rg1 Rxh2 17. O-O-O Nh6 18. f4 Nxg4 19. Rxg4 Bf3 20.
Rgg1 Bxd1 21. Rxd1 a6 22. Nb4 b5 23. Bxf7+ Kxf7 24. Rxd7+ Kf8 25. Rxc7 Rd8 26.
Nc6 Rdd2 27. e6 Rc2+ 28. Kb1 Rxb2+ 29. Ka1 Rxa2+ 30. Kb1 Kg8 31. e7 Rae2 32.
e8=Q+ Kh7 33. Rxg7+ Kxg7 34. Qe7+ Kh6 35. Qg5+ Kg7 1/2-1/2

[Event "Open Qualificatif Salon"]
[Site "?"]
[Date "2006.01.28"]
[Round "3"]
[White "Charrier, Patrick"]
[Black "Nari, Damien"]
[Result "0-1"]
[WhiteElo "1380"]
[BlackElo "1642"]
[PlyCount "72"]
[EventDate "2006.01.20"]
[SourceDate "2005.12.04"]

1. d4 d5 2. c4 e6 3. Nc3 Nf6 4. Bg5 Be7 5. Nf3 h6 6. Bh4 O-O 7. e3 b6 8. Be2
Bb7 9. O-O Nbd7 10. h3 Rc8 11. cxd5 Nxd5 12. Bxe7 Qxe7 13. Nxd5 Bxd5 14. a3 c5
15. dxc5 Nxc5 16. b4 Rfd8 17. bxc5 Bxf3 18. Qxd8+ Rxd8 19. Bxf3 bxc5 20. Rfc1
Rd2 21. Kf1 Qc7 22. g3 Qa5 23. a4 Rb2 24. Rd1 c4 25. Be4 g6 26. Rab1 Rxb1 27.
Rxb1 Qxa4 28. Rc1 Qb4 29. Ke2 a5 30. Rb1 Qc3 31. Kd1 a4 32. Rc1 Qb4 33. Rb1 Qc5
34. Kc2 a3 35. Kc3 a2 36. Ra1 Qe5+ 0-1

[Event "Open Qualificatif Salon"]
[Site "?"]
[Date "2006.02.18"]
[Round "4"]
[White "Jullien, Patrick"]
[Black "Nari, Damien"]
[Result "0-1"]
[WhiteElo "1710"]
[BlackElo "1642"]
[PlyCount "42"]
[EventDate "2006.01.20"]
[SourceDate "2005.12.04"]

1. e4 c6 2. d4 d5 3. Nc3 dxe4 4. Nxe4 Nd7 5. Bc4 Ngf6 6. Ng5 e6 7. N1f3 h6 8.
Nh3 Nb6 9. Bb3 c5 10. c3 c4 11. Ba4+ Bd7 12. Bxd7+ Qxd7 13. Ne5 Qc7 14. Qe2 Bd6
15. Bf4 Nfd5 16. Bg3 O-O-O 17. Ng1 Kb8 18. Ngf3 g5 19. Nxf7 Qxf7 20. Bxd6+ Rxd6
21. Nd2 Nf4 0-1

[Event "Open Qualificatif Salon"]
[Site "?"]
[Date "2006.02.18"]
[Round "4"]
[White "Guyard, Gerard"]
[Black "Regaud, Denis"]
[Result "0-1"]
[WhiteElo "1490"]
[BlackElo "1680"]
[PlyCount "56"]
[EventDate "2006.01.20"]
[SourceDate "2005.12.04"]

1. d4 Nf6 2. f3 d5 3. Nc3 e6 4. Bf4 Bb4 5. Qd3 a6 6. e4 dxe4 7. fxe4 c6 8. Nf3
Nbd7 9. Be2 O-O 10. e5 Nd5 11. Ng5 Bxc3+ 12. bxc3 g6 13. Bd2 Qe7 14. O-O f5 15.
exf6 N7xf6 16. Rf2 Bd7 17. Raf1 b5 18. c4 Nb6 19. c5 Nc4 20. Bc3 e5 21. Ne4 Bf5
22. Rxf5 gxf5 23. Qg3+ Kh8 24. dxe5 Nxe4 25. e6+ Nxc3 26. Qxc3+ Qf6 27. Qh3
Qxe6 28. Bd3 Qe3+ 0-1

[Event "Open Qualificatif Salon"]
[Site "?"]
[Date "2006.02.18"]
[Round "4"]
[White "Brunie, Luce"]
[Black "Alard, Francis"]
[Result "0-1"]
[WhiteElo "1390"]
[BlackElo "1720"]
[PlyCount "58"]
[EventDate "2006.01.20"]
[SourceDate "2005.12.04"]

1. e4 c5 2. d4 cxd4 3. c3 dxc3 4. Nxc3 e6 5. Nf3 a6 6. Bd3 g6 7. O-O Bg7 8. Qc2
Nc6 9. Be3 Nb4 10. Qd1 Nxd3 11. Qxd3 Ne7 12. Bd4 f6 13. Be3 O-O 14. Bc5 Rf7 15.
Bd6 Nc6 16. Rac1 Bf8 17. Ne2 Bxd6 18. Qxd6 Qe7 19. Rfd1 Qxd6 20. Rxd6 e5 21.
Nc3 Kg7 22. Nd5 b5 23. Nb6 Rb8 24. Nxd7 Bxd7 25. Nd2 Be8 26. Nb3 Nd4 27. Nxd4
exd4 28. Rxd4 Rd7 29. Rc7 Rxc7 0-1

[Event "Open Qualificatif Salon"]
[Site "?"]
[Date "2006.02.18"]
[Round "4"]
[White "Porte, Jacques"]
[Black "Charrier, Patrick"]
[Result "1-0"]
[WhiteElo "1620"]
[BlackElo "1380"]
[PlyCount "49"]
[EventDate "2006.01.20"]
[SourceDate "2005.12.04"]

1. e4 c5 2. Nf3 d6 3. c3 Nf6 4. Be2 Nxe4 5. Qa4+ Nc6 6. Qxe4 e6 7. c4 h6 8. O-O
Be7 9. Nc3 O-O 10. b3 f5 11. Qc2 e5 12. d3 Be6 13. Re1 Nb4 14. Qd1 a6 15. Bb2
Qe8 16. a3 Nc6 17. Nd5 Bxd5 18. cxd5 Nd8 19. Qc2 Qg6 20. Qd1 Qh7 21. Rb1 g5 22.
Nd2 Qf7 23. d4 cxd4 24. Rc1 Qxd5 25. Bc4 1-0

[Event "Open Qualificatif Salon"]
[Site "?"]
[Date "2006.02.18"]
[Round "4"]
[White "Dufresne, Said"]
[Black "Marcou, Thomas"]
[Result "1-0"]
[WhiteElo "1520"]
[BlackElo "1099"]
[PlyCount "97"]
[EventDate "2006.01.20"]
[SourceDate "2005.12.04"]

1. Nf3 Nf6 2. c4 c5 3. Nc3 g6 4. g3 Bg7 5. Bg2 O-O 6. O-O Nc6 7. e3 d6 8. Rb1
Bg4 9. h3 Bxf3 10. Qxf3 Rb8 11. a3 a6 12. Nd5 Nxd5 13. cxd5 Ne5 14. Qe2 Re8 15.
f4 Nd7 16. b4 b5 17. Bb2 Bxb2 18. Rxb2 c4 19. Rc1 Rc8 20. Rbc2 e5 21. dxe6 Rxe6
22. d3 Qe8 23. Kf2 Nb6 24. dxc4 Nxc4 25. e4 Nb6 26. Rxc8 Nxc8 27. Qc2 Nb6 28.
Qc6 Qd8 29. Qc7 Re8 30. Qxd8 Rxd8 31. Rc6 Nc4 32. Rxa6 f5 33. exf5 gxf5 34.
Bd5+ Kf8 35. Be6 d5 36. Bxf5 d4 37. Bd3 Nb2 38. Ke2 Re8+ 39. Kd2 Re3 40. Bxb5
Rxg3 41. Kc2 d3+ 42. Kxb2 d2 43. Kc2 Rg2 44. Kd1 Ke7 45. Be2 h5 46. Bxh5 Rh2
47. Bg4 Rf2 48. f5 Kf7 49. b5 1-0

[Event "Open Qualificatif Salon"]
[Site "?"]
[Date "2006.02.18"]
[Round "4"]
[White "Dufresne, Ali"]
[Black "Lemoine, Edwin"]
[Result "0-1"]
[WhiteElo "1160"]
[BlackElo "1099"]
[PlyCount "89"]
[EventDate "2006.01.20"]
[SourceDate "2005.12.04"]

1. e4 e5 2. Nf3 Nc6 3. Nc3 Nf6 4. Bc4 Bb4 5. O-O O-O 6. d4 Nxd4 7. Nxd4 exd4 8.
Qxd4 c5 9. Qd3 d5 10. exd5 Bxc3 11. bxc3 Re8 12. Ba3 b6 13. Rad1 Bg4 14. f3 Bc8
15. d6 Bb7 16. Bb5 Re6 17. Qf5 Rxd6 18. Rd3 Rxd3 19. cxd3 a6 20. Ba4 b5 21. Bb3
Bd5 22. Re1 Bxb3 23. axb3 Qd7 24. Qxc5 Qxd3 25. h3 h6 26. Bb4 Qd5 27. Re5 Qxc5+
28. Rxc5 Rd8 29. Rc6 Ra8 30. g4 Nh7 31. Kg2 a5 32. Bc5 a4 33. bxa4 bxa4 34. c4
a3 35. Bxa3 Rxa3 36. c5 Ra8 37. Rc7 Rf8 38. c6 Nf6 39. Rb7 Ne8 40. Kg3 g5 41.
f4 gxf4+ 42. Kxf4 Kg7 43. Kf5 Nd6+ 44. Ke5 Nxb7 45. cxb7 0-1